Age of Ninjas - Statistics

General Stats
  • This quiz has been taken 35 times
  • The average score is 9 of 13
Answer Stats
Question Answer % Correct
Ninjas were covert agents or mercenaries in which feudal country? Japan
100%
What were a ninja’s throwing stars called? Shuriken
100%
The most skilled ninja clans were from which regions? Iga and Koga
83%
What is a modern term for a female ninja? Kunoichi
83%
What is the more proper name for ninja? Shinobi
83%
Why was the art of ninjutsu formed? To combat the ruling Samurai class
83%
Which famous ninja was hired by the distinguished Tokugawa family, and later helped Tokugawa Ieyasu become a ruler? Hattori Hanzo
67%
In which century the ninja emerged as mercenaries? 15th Century
50%
Which former samurai who was on the losing side in a regional battle met Kain Doshi, a Chinese warrior-monk, and together the two developed a new theory of guerrilla warfare called ninjutsu? Daisuke Togakure
50%
What were a ninja’s straight swords called? Ninjato
50%
What is the higher order of Ninjutsu known as? Ninpo
50%
What belt colour do male ninja wear before they achieve their black belt? Green
33%
What was the name of ninja leaders? Jonin
33%
No matching quizzes found
Score Distribution
Percent of People with Each Score
Percentile by Number Answered
Your Score History
You have not taken this quiz